Sociální pedagogika v teorii a praxi /

Hlavní autor: Potměšilová, Petra, 1974-
Korporativní autor: Univerzita Palackého. Cyrilometodějská teologická fakulta
Jazyk: Čeština
Vydáno: Olomouc : Univerzita Palackého v Olomouci, 2013
Vydání: 1. vyd.
Edice: Odborná publikace
Témata:
Fyzický popis: 159 s. : barev. il. ; 21 cm
Language note: České a anglické resumé
Knihy
Uloženo v:
LEADER 02500nam a2200649 a 4500
001 nkc20132536133
003 CZ PrNK
005 20140324081037.0
007 ta
008 131217s2013 xr a f 001 0 cze
015 |a cnb002536133 
020 |a 978-80-244-3831-3  |q (brož.) 
035 |a (OCoLC)872339932 
040 |a ABA001  |b cze 
041 0 |a cze  |b cze  |b eng 
072 7 |a 37  |x Výchova a vzdělávání  |2 Konspekt  |9 22 
080 |a 37.013.42  |2 MRF 
080 |a 001.2  |2 MRF 
080 |a 37.091.3  |2 MRF 
080 |a 378.4  |2 MRF 
080 |a 37.013.42-051  |2 MRF 
080 |a 331.546  |2 MRF 
080 |a (437.325)  |2 MRF 
080 |a (048.8:082)  |2 MRF 
100 1 |a Potměšilová, Petra,  |d 1974-  |7 xx0132261  |4 aut 
245 1 0 |a Sociální pedagogika v teorii a praxi /  |c Petra Potměšilová a kolektiv 
250 |a 1. vyd. 
260 |a Olomouc :  |b Univerzita Palackého v Olomouci,  |c 2013 
300 |a 159 s. :  |b barev. il. ;  |c 21 cm 
490 1 |a Odborná publikace 
500 |a Nad názvem: Univerzita Palackého v Olomouci, Cyrilometodějská teologická fakulta 
504 |a Obsahuje bibliografie, bibliografické odkazy a rejstřík 
546 |a České a anglické resumé 
610 2 7 |a Univerzita Palackého.  |b Cyrilometodějská teologická fakulta  |7 kn20010709370  |2 czenas 
650 0 7 |a sociální pedagogika  |7 ph116207  |2 czenas 
650 0 7 |a sociální pedagogika  |7 ph116207  |x mezioborový kontext  |2 czenas 
650 0 7 |a studium a výuka  |7 ph136700  |2 czenas 
650 0 7 |a univerzity  |7 ph126937  |z Česko  |2 czenas 
650 0 7 |a sociální pedagogové  |7 ph692063  |2 czenas 
650 0 7 |a profesní kompetence  |7 ph136580  |2 czenas 
650 0 9 |a social pedagogy  |2 eczenas 
650 0 9 |a social pedagogy  |x interdisciplinary kontext  |2 eczenas 
650 0 9 |a study and teaching  |2 eczenas 
650 0 9 |a universities  |z Czechia  |2 eczenas 
650 0 9 |a social educators  |2 eczenas 
650 0 9 |a vocational qualifications  |2 eczenas 
651 7 |a Olomouc (Česko)  |7 ge130299  |2 czenas 
651 9 |a Olomouc (Czechia)  |2 eczenas 
655 7 |a kolektivní monografie  |7 fd501537  |2 czenas 
655 9 |a collective monographs  |2 eczenas 
710 2 |a Univerzita Palackého.  |b Cyrilometodějská teologická fakulta  |7 kn20010709370 
810 2 |a Univerzita Palackého.  |t Odborné publikace  |0 s 
910 2 |a BOA001  |b 2-1319.859 
990 |a BK 
995 |a 01 
991 |b 201402  |c NOV  |e n 
996 6 |b 2610580937  |c 2-1319.859  |l MZK  |r Sklad / do 1 hodiny  |n 24  |p p.v.  |w 001400635  |u 000010  |a 1  |e BOA001  |j MZK50  |s P